000 00391nam a2200145Ia 4500
008 240729s9999 xx 000 0 und d
022 _a2590-0293
245 0 _aJournal of Interventional Medicine
260 _aChina
260 _bKeAi Communications Co., Ltd.
650 _aMedicine
856 _uhttps://doaj.org/toc/c6951042e6fb4ee9a29039927a140fb7
942 _2ddc
942 _cDOAJEJ
999 _c67626
_d67626
945 _a1
_bMadushi Gamage
_c1
_dMadushi Gamage